LEADER 01399nam 2200337Ia 450 001 996383982103316 005 20221108063010.0 035 $a(CKB)1000000000592394 035 $a(EEBO)2240881359 035 $a(OCoLC)45097488 035 $a(EXLCZ)991000000000592394 100 $a20000929d1687 uy 0 101 0 $aeng 135 $aurbn||||a|bb| 200 14$aThe humble address of the Presbyterians, presented to His Majesty, by Mr. Hurst, Mr. Chester, Mr. Slater, Mr. Oeakes, Mr. Roswell, Mr. Turner, Mr. Franklin, Mr. Deal, and Mr. Reynolds$b[electronic resource] $eWith his most gracious answer 210 $a[London $cs.n.$d1687] 215 $a1 sheet ([2] p.) 300 $aCaption title. 300 $aAttributed by Wing to Vincent Alsop. 300 $aPlace and date of publication suggested by Wing. 300 $aReproduction of original in the Bodleian Library. 330 $aeebo-0014 700 $aAlsop$b Vincent$f1629 or 30-1703.$0792737 701 $aHurst$b Henry$f1629-1690.$01005324 712 02$aEngland and Wales.$bSovereign (1685-1688 : James II) 801 0$bEAE 801 1$bEAE 906 $aBOOK 912 $a996383982103316 996 $aThe humble address of the Presbyterians, presented to His Majesty, by Mr. Hurst, Mr. Chester, Mr. Slater, Mr. Oeakes, Mr. Roswell, Mr. Turner, Mr. Franklin, Mr. Deal, and Mr. Reynolds$92387820 997 $aUNISA LEADER 02113nam 2200505 450 001 9910786840203321 005 20230721034652.0 010 $a1-4081-4774-2 035 $a(CKB)3710000000109274 035 $a(EBL)1643813 035 $a(SSID)ssj0001305092 035 $a(PQKBManifestationID)11727932 035 $a(PQKBTitleCode)TC0001305092 035 $a(PQKBWorkID)11248110 035 $a(PQKB)10346324 035 $a(MiAaPQ)EBC1643813 035 $a(EXLCZ)993710000000109274 100 $a20140507h20072007 uy 1 101 0 $aeng 135 $aur|n|---||||| 181 $ctxt 182 $cc 183 $acr 200 10$aActing on impulse $ereclaiming the Stanislavski approach : a practical workbook for actors /$fJohn Gillett ; cover design by Andrew Evans ; illustrations by Jannis Labelle 210 1$aLondon, England :$cMethuen Drama,$d2007. 210 4$dİ2007 215 $a1 online resource (321 p.) 300 $aDescription based upon print version of record. 311 $a1-4725-1748-2 311 $a0-7136-7758-9 320 $aIncludes bibliographical references and index. 330 $a ""A manual full of enabling, easing exercises - it will enable you to analyse any scene. The cry of the actor at sea `I don''t know what I''m doing'' should, with this book, become a thing of the past'' Sam West ""I''d recommend this book to anyone wanting an introduction to Stanislavksi or Michael Chekhov or acting in general."" Matt Peover, LAMDA trainer and theatre director. ""Contains all the important things that need to be said about learning to act...in an extremely logical and sensible manner."" Simon Dunmore, Editor Actor''s Yearbook An inspiring and technically thorough practica 606 $aMethod acting$vFiction 615 0$aMethod acting 676 $a792.028 700 $aGillett$b John$01520592 702 $aEvans$b Andrew 702 $aLabelle$b Jannis 801 0$bMiAaPQ 801 1$bMiAaPQ 801 2$bMiAaPQ 906 $aBOOK 912 $a9910786840203321 996 $aActing on impulse$93759284 997 $aUNINA LEADER 01115nam 2200241z- 450 001 9910689632703321 005 20240906105112.0 035 $a(CKB)5470000002332424 035 $a(EXLCZ)995470000002332424 100 $a20230503cuuuuuuuu -u- - 101 0 $aeng 200 14$aThe application for contract market designation of the U.S. Future Exchange, LLC, before the Commodity Futures Trading Commission $ehearing before the Committee on Agriculture, House of Representatives, One Hundred Eighth Congress, first session, November 6, 2003 210 $aWashington 311 $a0-16-071153-3 517 $aApplication for contract market designation of the U.S. Future Exchange, LLC, before the Commodity Futures Trading Commission 606 $aCommodity futures$zUnited States 606 $aCommodity exchanges$zUnited States 615 0$aCommodity futures 615 0$aCommodity exchanges 906 $aBOOK 912 $a9910689632703321 996 $aThe application for contract market designation of the U.S. Future Exchange, LLC, before the Commodity Futures Trading Commission$94240773 997 $aUNINA